000 00439nam a2200181 a 4500
001 1758714829314
003 ACL
005 20250924172636.0
008 250924s2008##################000#0#eng##
020 _a9780791097342
082 0 4 _a796.357092
_bTOD
100 1 _aTodd, Anne M.,
_eauthor.
245 1 0 _aRoger Maris :
260 _bFacts On File,
_c2008.
650 0 _aBaseball players.
942 _cENGLISH
040 _aACL
_beng
_cACL
999 _c589421
_d589421